[Event "LTU-chT"]
[Site "Lithuania"]
[Date "2023.03.05"]
[Round "3.4"]
[White "Snezko, Marius"]
[Black "Jonkus, Lukas"]
[Result "1/2-1/2"]
[WhiteElo "1823"]
[BlackElo "1815"]
[PlyCount "71"]
[EventDate "2023.03.04"]
[EventType "team"]
[EventRounds "7"]
[EventCountry "LTU"]
[SourceTitle "CBM 213 Extra"]
[Source "ChessBase"]
[SourceDate "2023.05.31"]
[SourceVersion "1"]
[SourceVersionDate "2023.05.31"]
[SourceQuality "1"]
[WhiteTeam "Vilnius 1482"]
[BlackTeam "Plunge Bokstas"]
[WhiteTeamCountry "LTU"]
[BlackTeamCountry "LTU"]

1. d4 d5 2. Nf3 Nf6 3. c4 e6 4. Nc3 Be7 5. Bf4 a6 6. a4 0-0 7. h3 c5 8. e3 Nc6 9. dxc5 Bxc5 10. Bd3 Nb4 11. 0-0 b6 12. Qe2 Bb7 13. Rfd1 Qe7 14. Ne5 Nxd3 15. Qxd3 dxc4 16. Qxc4 Nd5 17. Nxd5 Bxd5 18. Qe2 f6 19. Nd3 Qb7 20. Nxc5 bxc5 21. f3 e5 22. Bg3 Bb3 23. Rd2 Rfd8 24. e4 c4 25. a5 Qb4 26. Be1 Qe7 27. Rc1 Qc5+ 28. Kh2 Qxa5 29. Rd5 Qa4 30. Qd2 Qe8 31. Ra1 Rxd5 32. Qxd5+ Kh8 33. Ra5 h6 34. Qb7 Qc8 35. Qxc8+ Rxc8 36. Rxa6 1/2-1/2

[Event "Klaipeda Sea op-A 15th"]
[Site "Klaipeda"]
[Date "2018.07.26"]
[Round "4"]
[White "Kalvaitis, Sigitas"]
[Black "Jonkus, Lukas"]
[Result "1-0"]
[WhiteElo "2169"]
[BlackElo "1841"]
[PlyCount "111"]
[EventDate "2018.07.23"]
[EventType "swiss"]
[EventRounds "7"]
[EventCountry "LTU"]
[SourceTitle "CBM 186 Extra"]
[Source "ChessBase"]
[SourceDate "2018.08.24"]
[SourceVersion "1"]
[SourceVersionDate "2018.08.24"]
[SourceQuality "1"]

1. e4 e5 2. Nf3 Nc6 3. d4 exd4 4. Nxd4 Qf6 5. Be3 Bc5 6. c3 d6 7. Bc4 Ne5 8. Be2 Bd7 9. 0-0 Qh4 10. f3 Ne7 11. Qd2 h6 12. Bf2 Qf6 13. Nb5 Bxf2+ 14. Rxf2 Bxb5 15. Bxb5+ N5c6 16. Na3 0-0-0 17. Bc4 g5 18. b4 Qg7 19. Rd1 Kb8 20. b5 Ne5 21. Bd5 f5 22. Qd4 Nxd5 23. exd5 Qg6 24. Nc2 Nd7 25. Nb4 Nc5 26. a4 Rde8 27. a5 f4 28. a6 Nb3 29. Qc4 Na5 30. Qa2 b6 31. c4 Re3 32. Nc2 Re5 33. Nd4 Rhe8 34. Ne6 R5xe6 35. dxe6 Qxe6 36. c5 Qxa2 37. Rxa2 dxc5 38. Re2 Rc8 39. Re6 Nb3 40. Rxh6 Nd4 41. Rg6 Nxb5 42. Rxg5 Nd6 43. h4 Rh8 44. h5 Kc8 45. Kf2 c4 46. Rh1 Kd7 47. Rg7+ Kc6 48. h6 c3 49. h7 b5 50. Rg8 Rxh7 51. Rxh7 c2 52. Rh1 b4 53. Ke2 b3 54. Kd2 Nb5 55. Rg6+ Kd7 56. Rh7+ 1-0

[Event "Plunge op-A 38th"]
[Site "Plateliai"]
[Date "2018.07.19"]
[Round "6"]
[White "Jablokov, Dmitrij"]
[Black "Jonkus, Lukas"]
[Result "1/2-1/2"]
[WhiteElo "1979"]
[BlackElo "1841"]
[PlyCount "78"]
[EventDate "2018.07.16"]
[EventType "swiss"]
[EventRounds "9"]
[EventCountry "LTU"]
[SourceTitle "EXT 2019"]
[Source "ChessBase"]
[SourceDate "2018.10.10"]
[SourceVersion "1"]
[SourceVersionDate "2018.10.10"]
[SourceQuality "1"]

1. d4 f5 2. c4 Nf6 3. Nc3 e6 4. Nf3 d5 5. Bg5 c6 6. e3 Be7 7. Bd3 0-0 8. Qc2 Ne4 9. Bxe7 Qxe7 10. 0-0 Nd7 11. c5 Ng5 12. Nxg5 Qxg5 13. f4 Qe7 14. b4 Nf6 15. b5 Bd7 16. bxc6 Bxc6 17. Bb5 Bxb5 18. Nxb5 Ne4 19. Nc3 Nxc3 20. Qxc3 b6 21. cxb6 axb6 22. a4 Rfc8 23. Qb3 Rc4 24. Qxb6 Rcxa4 25. Rxa4 Rxa4 26. Rc1 Ra7 27. h3 Rb7 28. Qc6 Qd7 29. Qxd7 Rxd7 30. Rc6 Kf7 31. g4 g6 32. Kf2 Re7 33. Kg3 Kg7 34. Ra6 Kf7 35. Kf3 Rb7 36. Ra1 Kf6 37. Ra8 Re7 38. gxf5 gxf5 39. Rg8 Rg7 1/2-1/2

[Event "Plunge op-A 38th"]
[Site "Plateliai"]
[Date "2018.07.19"]
[Round "5"]
[White "Jonkus, Lukas"]
[Black "Povilaitis, Tomas"]
[Result "1/2-1/2"]
[WhiteElo "1841"]
[BlackElo "1730"]
[PlyCount "28"]
[EventDate "2018.07.16"]
[EventType "swiss"]
[EventRounds "9"]
[EventCountry "LTU"]
[SourceTitle "EXT 2019"]
[Source "ChessBase"]
[SourceDate "2018.10.10"]
[SourceVersion "1"]
[SourceVersionDate "2018.10.10"]
[SourceQuality "1"]

1. d4 Nf6 2. c4 c5 3. Nf3 cxd4 4. Nxd4 e5 5. Nf3 e4 6. Nd4 d5 7. Nc3 Bb4 8. Qa4+ Nc6 9. Nxc6 Bxc3+ 10. bxc3 bxc6 11. Ba3 Qb6 12. cxd5 Nxd5 13. Qxe4+ Be6 14. Qe5 Qa5 1/2-1/2

[Event "Plunge op-A 38th"]
[Site "Plateliai"]
[Date "2018.07.18"]
[Round "4"]
[White "Narmontas, Raimondas"]
[Black "Jonkus, Lukas"]
[Result "1-0"]
[WhiteElo "2044"]
[BlackElo "1841"]
[PlyCount "93"]
[EventDate "2018.07.16"]
[EventType "swiss"]
[EventRounds "9"]
[EventCountry "LTU"]
[SourceTitle "EXT 2019"]
[Source "ChessBase"]
[SourceDate "2018.10.10"]
[SourceVersion "1"]
[SourceVersionDate "2018.10.10"]
[SourceQuality "1"]

1. e4 e5 2. Nf3 Nc6 3. Bb5 a6 4. Bxc6 dxc6 5. d3 f6 6. Be3 c5 7. Nc3 Be6 8. Nd2 Bd6 9. Qh5+ g6 10. Qe2 Qd7 11. f3 Ne7 12. Qf2 b6 13. a4 Nc6 14. 0-0 g5 15. Nd5 Bxd5 16. exd5 Nb4 17. Ne4 Qe7 18. c4 Nxd3 19. Qe2 Nb4 20. a5 h6 21. g4 0-0 22. h4 Rf7 23. Ng3 Qd7 24. Kg2 Bf8 25. Rh1 Rh7 26. Nf5 Re8 27. Rh3 Qf7 28. axb6 cxb6 29. Rah1 e4 30. hxg5 fxg5 31. Bxg5 exf3+ 32. Qxf3 Nc2 33. Bd2 Nd4 34. Nxd4 cxd4 35. Qxf7+ Kxf7 36. Re1 Rxe1 37. Bxe1 Kg6 38. Bf2 Bc5 39. Rd3 Re7 40. Bxd4 Bxd4 41. Rxd4 Kg5 42. d6 Rd7 43. b4 Kf6 44. c5 Ke5 45. Rd1 a5 46. c6 axb4 47. c7 1-0

[Event "Plunge op-A 38th"]
[Site "Plateliai"]
[Date "2018.07.17"]
[Round "3"]
[White "Bagdanskis, Dangis"]
[Black "Jonkus, Lukas"]
[Result "0-1"]
[WhiteElo "1669"]
[BlackElo "1841"]
[PlyCount "56"]
[EventDate "2018.07.16"]
[EventType "swiss"]
[EventRounds "9"]
[EventCountry "LTU"]
[SourceTitle "EXT 2019"]
[Source "ChessBase"]
[SourceDate "2018.10.10"]
[SourceVersion "1"]
[SourceVersionDate "2018.10.10"]
[SourceQuality "1"]

1. d4 e6 2. Nf3 d5 3. Bf4 c5 4. c3 Nc6 5. e3 Nf6 6. Nbd2 Be7 7. Bd3 0-0 8. h3 a6 9. 0-0 c4 10. Bc2 b5 11. Qe2 Bb7 12. e4 Nh5 13. Bh2 g6 14. e5 b4 15. Ne1 Ng7 16. f4 Qa5 17. Rf3 Nf5 18. Bxf5 exf5 19. g4 Bc8 20. g5 Rb8 21. Nf1 bxc3 22. bxc3 Ba3 23. Rd1 Na7 24. Rd2 Nb5 25. Nc2 Bd7 26. Qe3 Nc7 27. Bg3 Ba4 28. Rg2 Rb1 0-1

[Event "LTU-chT"]
[Site "Lithuania"]
[Date "2018.04.15"]
[Round "7.2"]
[White "Jonkus, Lukas"]
[Black "Ruksenas, Romas"]
[Result "0-1"]
[WhiteElo "1844"]
[BlackElo "1933"]
[PlyCount "48"]
[EventDate "2018.01.27"]
[EventType "team-swiss"]
[EventRounds "7"]
[EventCountry "LTU"]
[SourceTitle "EXT 2019"]
[Source "ChessBase"]
[SourceDate "2018.10.10"]
[SourceVersion "1"]
[SourceVersionDate "2018.10.10"]
[SourceQuality "1"]
[WhiteTeam "Plunge Bokstas"]
[BlackTeam "Vilnius Pasaku"]
[WhiteTeamCountry "LTU"]
[BlackTeamCountry "LTU"]

1. d4 c5 2. d5 Nf6 3. c4 e6 4. Nc3 exd5 5. Nxd5 Nxd5 6. cxd5 d6 7. e4 g6 8. Bb5+ Bd7 9. Bxd7+ Nxd7 10. Ne2 Bg7 11. 0-0 0-0 12. Rb1 b5 13. b3 Re8 14. Ng3 h5 15. Qc2 Rc8 16. Bb2 Bxb2 17. Rxb2 Qf6 18. f3 c4 19. bxc4 Rxc4 20. Qb3 a6 21. Rc2 Rec8 22. Rfc1 Qd4+ 23. Kf1 Rxc2 24. Rxc2 Qd1+ 0-1

[Event "LTU-chT"]
[Site "Lithuania"]
[Date "2018.03.25"]
[Round "5.2"]
[White "Jonkus, Lukas"]
[Black "Borisovaite, Ana"]
[Result "1-0"]
[WhiteElo "1844"]
[BlackElo "1478"]
[PlyCount "87"]
[EventDate "2018.01.27"]
[EventType "team-swiss"]
[EventRounds "7"]
[EventCountry "LTU"]
[SourceTitle "EXT 2019"]
[Source "ChessBase"]
[SourceDate "2018.10.10"]
[SourceVersion "1"]
[SourceVersionDate "2018.10.10"]
[SourceQuality "1"]
[WhiteTeam "Plunge Bokstas"]
[BlackTeam "Klaipeda Teisingumo"]
[WhiteTeamCountry "LTU"]
[BlackTeamCountry "LTU"]

1. d4 d5 2. c4 Nf6 3. Nc3 Bf5 4. Nf3 e6 5. Bg5 Be7 6. e3 dxc4 7. Bxc4 Nbd7 8. 0-0 0-0 9. Rc1 h6 10. Bh4 Rc8 11. Bd3 Bxd3 12. Qxd3 c5 13. Rfd1 c4 14. Qe2 Nb6 15. Bxf6 Bxf6 16. Ne4 Rc7 17. Nfd2 Qd5 18. Nxf6+ gxf6 19. Rc2 Kh7 20. Rdc1 Rfc8 21. b3 c3 22. Qd3+ Qf5 23. Qxf5+ exf5 24. Nc4 Nd5 25. Nd6 Nb4 26. Nxc8 Nxc2 27. Rxc2 Rxc8 28. b4 a6 29. Kf1 Rc4 30. h3 b5 31. Ke2 a5 32. bxa5 Ra4 33. Rxc3 Rxa5 34. d5 Ra8 35. d6 Rd8 36. Rd3 Kg8 37. Kd2 Kf8 38. Kc3 Ke8 39. Kb4 Rb8 40. d7+ Kd8 41. Rd5 Rb7 42. Rxf5 Kxd7 43. Rxf6 Ke7 44. Rxh6 1-0

[Event "LTU-chT"]
[Site "Lithuania"]
[Date "2018.01.28"]
[Round "2.1"]
[White "Mockus, Dziugas"]
[Black "Jonkus, Lukas"]
[Result "0-1"]
[WhiteElo "1546"]
[BlackElo "1844"]
[PlyCount "94"]
[EventDate "2018.01.27"]
[EventType "team-swiss"]
[EventRounds "7"]
[EventCountry "LTU"]
[SourceTitle "EXT 2019"]
[Source "ChessBase"]
[SourceDate "2018.10.10"]
[SourceVersion "1"]
[SourceVersionDate "2018.10.10"]
[SourceQuality "1"]
[WhiteTeam "Marijampole Suduvos Ateitis"]
[BlackTeam "Plunge Bokstas"]
[WhiteTeamCountry "LTU"]
[BlackTeamCountry "LTU"]

1. f4 d5 2. Nf3 Nf6 3. g3 Bf5 4. Bg2 e6 5. 0-0 c5 6. d3 Nc6 7. Nh4 Be7 8. Nxf5 exf5 9. h3 0-0 10. Nd2 Qc7 11. b3 Rad8 12. e3 b5 13. Qf3 Nb4 14. a3 Na6 15. c3 Nb8 16. g4 fxg4 17. hxg4 c4 18. bxc4 dxc4 19. d4 Nd5 20. e4 Nb6 21. Re1 a5 22. Nf1 b4 23. axb4 axb4 24. cxb4 Rxd4 25. Be3 Rd3 26. Qf2 N8d7 27. Reb1 Rb8 28. Ng3 Nc8 29. Bf1 Rb3 30. Rxb3 cxb3 31. Qb2 Rxb4 32. Nf5 Bf8 33. Rc1 Qb7 34. Bg2 Qa6 35. Qc3 Ncb6 36. e5 b2 37. Rb1 Qa2 38. Qc2 Nc4 39. Bd4 Na3 40. Rxb2 Qa1+ 41. Kh2 Nxc2 42. Rxb4 Nxd4 43. Rxd4 Nc5 44. Rd8 g6 45. Nd6 Ne6 46. Rc8 Nxf4 47. Ne4 Qxe5 0-1

[Event "Plunge op 37th"]
[Site "Plateliai"]
[Date "2017.07.24"]
[Round "8"]
[White "Jonkus, Lukas"]
[Black "Vainauskas, Haroldas"]
[Result "1-0"]
[WhiteElo "1873"]
[BlackElo "1315"]
[PlyCount "97"]
[EventDate "2017.07.17"]
[EventType "swiss"]
[EventRounds "9"]
[EventCountry "LTU"]
[SourceTitle "EXT 2019"]
[Source "ChessBase"]
[SourceDate "2018.10.10"]
[SourceVersion "1"]
[SourceVersionDate "2018.10.10"]
[SourceQuality "1"]

1. d4 Nf6 2. Nf3 d5 3. Bf4 Bf5 4. e3 e6 5. Bd3 Bg6 6. Ne5 c5 7. c3 Qb6 8. Nxg6 hxg6 9. Qc2 c4 10. Be2 Bd6 11. Bxd6 Qxd6 12. h3 Nc6 13. Nd2 Qe7 14. 0-0 0-0-0 15. b3 g5 16. bxc4 g4 17. hxg4 Nd7 18. g3 Qg5 19. Kg2 dxc4 20. Nxc4 Nf6 21. e4 Nxg4 22. Bxg4 Qxg4 23. Rh1 f5 24. Ne3 Qxe4+ 25. Qxe4 fxe4 26. Ng4 Rxh1 27. Rxh1 e5 28. dxe5 Rd3 29. Re1 Rxc3 30. Rxe4 Ne7 31. a4 Kc7 32. Ne3 Kc6 33. Rg4 g6 34. Rd4 a6 35. Rd6+ Kc7 36. Re6 Kd7 37. Rxe7+ Kxe7 38. Nd5+ Ke6 39. Nxc3 Kxe5 40. f4+ Kd4 41. Nb1 Kc4 42. g4 b5 43. axb5 axb5 44. Kf3 b4 45. Ke4 Kb3 46. f5 gxf5+ 47. gxf5 Kc4 48. f6 Kb3 49. f7 1-0

[Event "WchT Amateur"]
[Site "Kaunas"]
[Date "2016.11.27"]
[Round "8.1"]
[White "Asefi, Zaheeruddeen"]
[Black "Jonkus, Lukas"]
[Result "1/2-1/2"]
[WhiteElo "1897"]
[BlackElo "1889"]
[PlyCount "87"]
[EventDate "2016.11.20"]
[EventType "team-swiss"]
[EventRounds "9"]
[EventCountry "LTU"]
[SourceTitle "CBM 175 Extra"]
[Source "ChessBase"]
[SourceDate "2016.12.12"]
[SourceVersion "1"]
[SourceVersionDate "2016.12.12"]
[SourceQuality "1"]
[WhiteTeam "Afghanistan"]
[BlackTeam "Lithuania KTU"]
[WhiteTeamCountry "AFG"]
[BlackTeamCountry "LTU"]

1. d4 Nf6 2. Nf3 d5 3. c4 e6 4. Nc3 Be7 5. Bg5 0-0 6. e3 b6 7. cxd5 exd5 8. Bd3 c5 9. Ne5 cxd4 10. exd4 Bb7 11. 0-0 Ne4 12. Be3 Nd7 13. f4 Ndf6 14. Qa4 Nxc3 15. bxc3 Qc7 16. Rac1 a6 17. Rf3 b5 18. Qd1 Ne4 19. a4 bxa4 20. Qxa4 Rac8 21. Rh3 Bd6 22. c4 dxc4 23. Bxc4 Bxe5 24. fxe5 Bd5 25. Bxa6 Qxc1+ 26. Bxc1 Rxc1+ 27. Bf1 Nd2 28. Kf2 Rxf1+ 29. Ke2 Rb8 30. Kxd2 Rf2+ 31. Ke3 Ra2 32. Qd7 Be6 33. Qc6 Bxh3 34. gxh3 Rxh2 35. d5 Rxh3+ 36. Kd4 Rhb3 37. d6 Rb1 38. d7 Rd1+ 39. Ke3 Rd8 40. e6 fxe6 41. Qxe6+ Kf8 42. Qf5+ Kg8 43. Qe6+ Kf8 44. Qf5+ 1/2-1/2

[Event "EU Amateur-ch"]
[Site "Kaunas"]
[Date "2015.08.14"]
[Round "7"]
[White "Fanha, Paulo Alexandre Mar"]
[Black "Jonkus, Lukas"]
[Result "1/2-1/2"]
[WhiteElo "1890"]
[BlackElo "1853"]
[PlyCount "52"]
[EventDate "2015.08.09"]
[EventType "swiss"]
[EventRounds "9"]
[EventCountry "LTU"]
[SourceTitle "CBM 167 Extra"]
[Source "ChessBase"]
[SourceDate "2015.09.14"]
[SourceVersion "1"]
[SourceVersionDate "2015.09.14"]
[SourceQuality "1"]

1. Nf3 Nf6 2. c4 g6 3. Nc3 d5 4. cxd5 Nxd5 5. g3 Bg7 6. Bg2 Nxc3 7. bxc3 0-0 8. 0-0 c5 9. d4 Nc6 10. Be3 Qa5 11. Qb3 b5 12. Qd5 Bb7 13. Qxc5 Rac8 14. d5 Nd4 15. Qxe7 Nxe2+ 16. Kh1 Bxd5 17. a4 Bxc3 18. Rad1 Rfe8 19. Qxa7 Qxa7 20. Bxa7 Bb3 21. axb5 Bxd1 22. Rxd1 Red8 23. Rb1 Nd4 24. Nxd4 Bxd4 25. Bxd4 Rxd4 26. b6 Rb8 1/2-1/2

[Event "EU Amateur-ch"]
[Site "Kaunas"]
[Date "2015.08.13"]
[Round "6"]
[White "Jonkus, Lukas"]
[Black "Zygmanta, Eugenijus"]
[Result "1-0"]
[WhiteElo "1853"]
[BlackElo "1947"]
[PlyCount "87"]
[EventDate "2015.08.09"]
[EventType "swiss"]
[EventRounds "9"]
[EventCountry "LTU"]
[SourceTitle "CBM 167 Extra"]
[Source "ChessBase"]
[SourceDate "2015.09.14"]
[SourceVersion "1"]
[SourceVersionDate "2015.09.14"]
[SourceQuality "1"]

1. e4 e5 2. Nf3 Nc6 3. Bb5 Qf6 4. Nc3 Nge7 5. 0-0 a6 6. Bc4 d6 7. h3 h6 8. Nd5 Nxd5 9. Bxd5 Be7 10. Bxc6+ bxc6 11. d3 c5 12. Nh2 Qg6 13. Kh1 f5 14. f4 exf4 15. exf5 Bxf5 16. Re1 Kd7 17. Bxf4 Rhf8 18. Qd2 Rab8 19. b3 Rb4 20. c3 Rb5 21. Rad1 Bxd3 22. Nf3 Ke8 23. Qe3 Rf7 24. Rxd3 c4 25. Rd4 Rb7 26. Rxc4 c5 27. Bh2 Kd8 28. Qe4 Qxe4 29. Rcxe4 d5 30. Re6 Rf6 31. Rxf6 Bxf6 32. Be5 Kd7 33. Bxf6 gxf6 34. Kh2 a5 35. Kg3 a4 36. Rb1 Kc6 37. Kf4 Re7 38. Re1 Rb7 39. bxa4 Rb2 40. g4 Rxa2 41. Re6+ Kc7 42. Rxf6 Rxa4+ 43. Ke5 Rc4 44. Kxd5 1-0

[Event "Plunge op 35th"]
[Site "Plateliai"]
[Date "2015.07.22"]
[Round "4"]
[White "Jonkus, Lukas"]
[Black "Kalvaitis, Sigitas"]
[Result "0-1"]
[WhiteElo "1808"]
[BlackElo "2220"]
[PlyCount "89"]
[EventDate "2015.07.20"]
[EventType "swiss"]
[EventRounds "9"]
[EventCountry "LTU"]
[SourceTitle "EXT 2018"]
[Source "ChessBase"]
[SourceDate "2017.10.13"]
[SourceVersion "1"]
[SourceVersionDate "2017.10.13"]
[SourceQuality "1"]

1. d4 Nf6 2. e3 g6 3. Bd3 Bg7 4. f4 d6 5. Nf3 0-0 6. 0-0 Nbd7 7. c3 Qe8 8. Nbd2 e5 9. fxe5 dxe5 10. e4 exd4 11. cxd4 c5 12. d5 Ng4 13. Nc4 Nde5 14. Nfxe5 Nxe5 15. Nd6 Qe7 16. Nxc8 Raxc8 17. Bc2 h5 18. h3 Nc4 19. Rb1 Rcd8 20. Qf3 Rd6 21. Qb3 Bd4+ 22. Kh1 Ne5 23. Qg3 Kh7 24. Bg5 f6 25. Be3 Bxe3 26. Qxe3 b6 27. Rf2 Nd7 28. Qg3 Qe5 29. Qa3 a5 30. Rbf1 Kg7 31. Qb3 Re8 32. Qb5 Re7 33. a3 Qd4 34. Rf4 Ne5 35. b3 Qb2 36. R1f2 Qxa3 37. Qa6 Qa1+ 38. Kh2 Nf7 39. Qc8 Qe5 40. Kh1 Re8 41. Qb7 Qe7 42. Qa6 Ne5 43. g4 hxg4 44. hxg4 Rh8+ 45. Kg1 0-1

[Event "Plunge op 34th"]
[Site "Plateliai"]
[Date "2014.07.17"]
[Round "5"]
[White "Maciuityte, Greta"]
[Black "Jonkus, Lukas"]
[Result "0-1"]
[WhiteElo "1615"]
[BlackElo "1821"]
[PlyCount "62"]
[EventDate "2014.07.14"]
[EventType "swiss"]
[EventRounds "9"]
[EventCountry "LTU"]
[SourceTitle "EXT 2015"]
[Source "ChessBase"]
[SourceDate "2014.11.20"]
[SourceVersion "1"]
[SourceVersionDate "2014.11.20"]
[SourceQuality "1"]

1. e4 d5 2. exd5 Qxd5 3. Nc3 Qd6 4. Nf3 Nf6 5. h3 Nc6 6. Bb5 a6 7. Ba4 b5 8. Bb3 e6 9. d4 Be7 10. d5 Nd8 11. Qd4 c5 12. dxc6 Nxc6 13. Qe3 0-0 14. 0-0 Na5 15. Ne4 Qc7 16. Nxf6+ Bxf6 17. c3 Nxb3 18. axb3 Bb7 19. Ng5 Rfd8 20. Qe2 Qc6 21. Qg4 Rd3 22. Be3 Rad8 23. Rae1 b4 24. cxb4 Rxb3 25. Rc1 Rxb4 26. Qg3 Qd5 27. Nf3 Rxb2 28. Kh2 Qb5 29. Qc7 Bxf3 30. Kg1 Bh5 31. Rc5 Qxf1+ 0-1

[Event "Plateliai op 23rd"]
[Site "Plateliai"]
[Date "2013.07.16"]
[Round "2"]
[White "Vaicekauskas, Gytis"]
[Black "Jonkus, Lukas"]
[Result "1-0"]
[WhiteElo "2106"]
[BlackElo "1817"]
[PlyCount "58"]
[EventDate "2013.07.15"]
[EventType "swiss"]
[EventRounds "9"]
[EventCountry "LTU"]
[SourceTitle "EXT 2014"]
[Source "ChessBase"]
[SourceDate "2013.11.20"]
[SourceVersion "1"]
[SourceVersionDate "2013.11.20"]
[SourceQuality "1"]

1. e4 e6 2. d4 d5 3. Nc3 dxe4 4. Nxe4 Nd7 5. Nf3 Ngf6 6. Bg5 h6 7. Nxf6+ Nxf6 8. Bh4 c5 9. Bd3 Be7 10. dxc5 Qa5+ 11. c3 Qxc5 12. Qe2 0-0 13. 0-0 Bd7 14. Ne5 Bc6 15. Rad1 Rfe8 16. Nxc6 bxc6 17. Bg3 Rad8 18. Be5 Qa5 19. a3 Nd7 20. Bg3 Qb6 21. Bc2 Nf6 22. h3 Kh8 23. Kh1 Rd5 24. c4 Rxd1 25. Rxd1 Rd8 26. Rxd8+ Qxd8 27. Qd3 Qa5 28. b4 Qb6 29. Be5 Kg8 1-0